=LDR 00000nam 2200000 4500 =001 NUTBA000000000001799 =005 20140520090745.0 =006 =007 =008 =020 ##$$a 978-979-9314-91-8 =035 ##$$a 0010-051400000000264 =040 ##$$a NBPDMAT =082 ##$$a 389.6 =090 ##$$a 389.6 $b Sun s =100 ##$$a Sunarya =245 ##$$a Standardisasi dalam industri dan perdagangan : $b konsep dan penerapan dalam globalisasi / $c DR. Sunarya =250 ##$$a Cet, 1 =260 ##$$a Depok : $b Papas Sinar Sinanti, $c 2012 =300 ##$$a 196 hlm ; $c 20 cm. =500 ##$$a Bibliografi : hlm. 193 =650 ##$$a Standarnisasi industri =990 ##$$a 21400182 =990 ##$$a 21400437/BPAP-NTB/2014